MARC

LEADER 00000nam0a2200000 4500
001 48547
005 20231101211144.0
010 |a 5829101564 
010 |a 5-88687-129-2 
035 |a (RuTPU)RU\TPU\book\50847 
090 |a 48547 
100 |a 20030319d2003 m y0rusy50 ca 
101 0 |a rus 
102 |a RU 
105 |a y j 000zy 
200 1 |a Введение в современную теорию познания  |e учебное пособие  |f Н. В. Бряник 
210 |a Москва  |c Академический проект  |a Екатеринбург  |c Деловая книга  |d 2003 
215 |a 288 с. 
225 1 |a Gaudeamus 
225 1 |a Учебное пособие для вузов 
606 1 |a Научное познание  |x Методология  |x Методы  |2 stltpush  |3 (RuTPU)RU\TPU\subj\45130  |9 64392 
610 1 |a философия 
610 1 |a познание 
610 1 |a теория 
610 1 |a гносеология 
610 1 |a концепции 
610 1 |a история 
610 1 |a античная культура 
610 1 |a эллинистическая культура 
610 1 |a мифы 
610 1 |a гностицизм 
610 1 |a средние века 
610 1 |a символизм 
610 1 |a схоластическая философия 
610 1 |a Европа 
610 1 |a европейская философия 
610 1 |a 17 век 
610 1 |a 18 век 
610 1 |a 19 век 
610 1 |a 20 век 
610 1 |a новоевропейская философия 
610 1 |a скептицизм 
610 1 |a гносеологические модели 
610 1 |a учебные пособия 
686 |a Ю223я73  |v LBC/SL-A  |2 rubbk 
700 1 |a Бряник  |b Н. В.  |g Надежда Васильевна 
801 1 |a RU  |b 63413507  |c 20030319  |g PSBO 
801 2 |a RU  |b 63413507  |c 20030910  |g PSBO 
801 2 |a RU  |b 63413507  |c 20160220  |g PSBO 
900 |a Современная философия (фак) 
900 |a Философия 
942 |c BK 
951 |a 520400  |b 020100